000 00977nam a2200277Ia 4500
001 Para_10095
003 CHAP
008 220125sMayo xx 000 0 und d
010 _a208786
040 _cCHAP
090 _aPA CD - TESIS 174
100 _aArellano Peredo, Mónica
_9175134
245 _aIdentificación del Carbón de la Cebolla en San Pablo Actipan, Tepeaca, Puebla, México /
_c Mónica Arellano Peredo; Director Santos Gerardo Leyva Mir.
260 _aChapingo, Méx. :
_b el autor
300 _a1 CDS ROM (42 p.)
502 _aTesis (Ing. Agr. Esp. en Parasitología Agrícola). UACh. Departamento Parasitología Agrícola
700 _aLeyva Mir, Santos Gerardo. Director
_9171335
710 _aUACh. Departamento Parasitología Agrícola
_9164025
901 _aPA CD - TESIS 174
902 _aM
905 _a513220Mayo, 2012 ab 8100000000 06
910 _aMayo
942 _cPARA
942 _cPARA
_d2
999 _c208786
_d208786